[Event "Let's Play Chess!"]
[Site "http://www.queenalice.com/game.php?id=285120"]
[Date "2007.10.12"]
[Round "-"]
[White "gcmorales"]
[Black "Aleqza"]
[Result "1-0"]
[WhiteElo "1260"]
[BlackElo "1496"]

1. Nc3 d5 2. Nf3 d4 3. Nb5 Nc6 4. Ng5 h6 5. Ne4 Nf6 6. d3 Nxe4 7. e3 Nf6 8. exd4
a6 9. Nc3 Bg4 10. f3 Nxd4 11. Be2 Be6 12. Ne4 Nxe4 13. dxe4 f5 14. exf5 Bxf5 15.
Bd3 e6 16. O-O Bd6 17. Be4 Nxf3+ 18. Qxf3 Bxe4 19. Qxe4 Bc5+ 20. Be3 Qe7 21.
Rae1 Bxe3+ 22. Rxe3 O-O-O 23. Rb3 c6 24. Rd3 Rxd3 25. Qxd3 Rf8 26. Qe3 Rxf1+ 27.
Kxf1 Qf6+ 28. Ke2 Qg5 29. Qxe6+ Kc7 30. Qf7+ Kb6 31. Qb3+ Qb5+ 32. Qd3 Qxd3+ 33.
Kxd3 Kc5 34. Kc3 b5 35. h4 b4+ 36. Kd3 a5 37. b3 Kd5 38. g4 Ke5 39. Ke3 Kf6 40.
Kf4 c5 41. Kf3 g5 42. hxg5+ Kxg5 43. Kg3 Kf6 44. Kh4 Kg6 45. Kg3 Kg5 46. Kh3 h5
47. gxh5 Kxh5 48. Kg3 Kg5 49. Kf3 Kf5 50. Ke3 Ke5 51. Kd3 Kd5 52. Ke3 c4 53. Kd2
Kc5 54. Kc1 a4 55. Kb1 a3 56. Kc1 Kd4 57. Kb1 Kc3 58. Kc1 cxb3 59. cxb3 Kd3 60.
Kd1 Kc3 61. Kc1 Kd3 62. Kb1 Kc3 63. Kc1 Kd3 64. Kd1 Ke3 65. Kc2 Kd4 66. Kd2 Kc5
67. Kd3 1-0

[Event "Let's Play Chess!"]
[Site "http://www.queenalice.com/game.php?id=285121"]
[Date "2007.10.12"]
[Round "-"]
[White "gcmorales"]
[Black "stuge"]
[Result "0-1"]
[WhiteElo "1336"]
[BlackElo "1360"]

1. Nc3 d5 2. Nf3 Nf6 3. Ng5 e6 4. e3 g6 5. Bb5+ c6 6. Ba4 Bh6 7. h4 b5 8. Bb3 b4
9. Na4 Na6 10. c4 bxc3 11. dxc3 e5 12. O-O e4 13. c4 Bg4 14. f3 exf3 15. gxf3
Bh3 16. Bd2 Bxf1 17. Qxf1 Bf8 18. e4 Bb4 19. Bf4 dxe4 20. Rd1 Qc8 21. fxe4 Nc5
22. a3 Bxa3 23. bxa3 Nxb3 24. e5 Nh5 25. Rd3 Rb8 26. Qb1 Na5 27. Nb2 Qg4+ 28.
Bg3 O-O 29. Qc2 Rfd8 30. Nd1 Rxd3 31. Qxd3 Qxg3+ 32. Qxg3 Nxg3 33. Kg2 Nf5 34.
Kh3 Rb3+ 35. Kg4 Ne3+ 36. Nxe3 Rxe3 37. Kf4 Nxc4 38. e6 fxe6 39. a4 e5+ 40. Kg4
h5# 0-1

[Event "Let's Play Chess!"]
[Site "http://www.queenalice.com/game.php?id=285122"]
[Date "2007.10.12"]
[Round "-"]
[White "gcmorales"]
[Black "elche"]
[Result "0-1"]
[WhiteElo "1262"]
[BlackElo "1625"]

1. Nc3 d5 2. f3 d4 3. Nb5 a6 4. Na3 e5 5. Nc4 Nc6 6. d3 Bb4+ 7. c3 dxc3 8. bxc3
Bxc3+ 9. Bd2 Bxa1 10. Qxa1 f6 11. e4 Nd4 12. Qb1 Ne7 13. Bb4 b5 14. Ne3 Ndc6 15.
Bc5 O-O 16. Qb3+ Kh8 17. Nh3 Nd4 18. Nd5 Nxb3 19. Bxe7 Qe8 20. Bxf8 Qxf8 21. f4
Nd4 22. fxe5 fxe5 23. Ng5 c6 24. Nc7 Qb4+ 25. Kf2 Qd2+ 26. Kg1 Qe3# 0-1

[Event "Let's Play Chess!"]
[Site "http://www.queenalice.com/game.php?id=297843"]
[Date "2007.11.3"]
[Round "-"]
[White "gcmorales"]
[Black "krol"]
[Result "1-0"]
[WhiteElo "1324"]
[BlackElo "1019"]

1. Nc3 e5 2. Nf3 f6 3. e4 Nh6 4. Nd5 c6 5. Ne3 d6 6. Nf5 a6 7. Bc4 Ng4 8. O-O h6
9. d4 exd4 10. N3xd4 h5 11. h3 Nh6 12. Nxh6 gxh6 13. Qxh5+ Kd7 14. Be6+ 1-0

[Event "Let's Play Chess!"]
[Site "http://www.queenalice.com/game.php?id=297844"]
[Date "2007.11.3"]
[Round "-"]
[White "gcmorales"]
[Black "spawnwolfwolverine"]
[Result "0-1"]
[WhiteElo "1331"]
[BlackElo "1670"]

1. Nc3 d6 2. Nf3 e5 3. e4 Bg4 4. Be2 Nf6 5. d4 Be7 6. Nd5 O-O 7. dxe5 dxe5 8.
Nxe5 Bxe2 9. Qxe2 Nxd5 10. Qf3 Nc6 11. Nxc6 bxc6 12. exd5 Qxd5 13. Qg3 Qd6 14.
Qe3 Rfe8 15. Qf3 Rab8 16. Bf4 Qb4+ 17. c3 Bc5+ 18. Be3 Rxe3+ 19. fxe3 Qxb2 20.
O-O Qxc3 21. Rab1 Rxb1 22. Rxb1 g6 23. Qf4 Qxe3+ 24. Qxe3 Bxe3+ 25. Kf1 Bb6 26.
Rd1 Kg7 27. Rd4 Bxd4 28. g3 c5 29. Ke1 f5 30. Ke2 Kf6 31. Kd3 h5 32. Kc4 Ke5 33.
Kd3 g5 34. Ke2 a5 35. Kf3 c4 36. Ke2 f4 37. g4 hxg4 38. Kf1 f3 39. a3 c5 40. Ke1
c3 41. Kd1 f2 42. Ke2 c2 43. a4 c1=Q 44. Kd3 Qc3+ 45. Ke2 Qf3+ 46. Kd2 f1=Q 47.
Kc2 Q3d1# 0-1

[Event "Let's Play Chess!"]
[Site "http://www.queenalice.com/game.php?id=297845"]
[Date "2007.11.3"]
[Round "-"]
[White "gcmorales"]
[Black "spawnwolfwolverine"]
[Result "0-1"]
[WhiteElo "1318"]
[BlackElo "1658"]

1. Nc3 e5 2. Nf3 d6 3. e4 Bg4 4. Be2 Nf6 5. Nd5 Be7 6. h3 Bh5 7. d3 O-O 8. Bg5
Nxd5 9. exd5 Bxg5 10. h4 Bxf3 11. Bxf3 Bxh4 12. d4 exd4 13. Qxd4 Bf6 14. Qd3
Bxb2 15. Rb1 Bf6 16. Rxb7 Nd7 17. Qc4 Ne5 18. Qb3 Nxf3+ 19. Qxf3 Rb8 20. Qb3
Rxb7 21. Qxb7 Qb8 22. Qxb8 Rxb8 23. O-O Rb2 24. c3 Rxa2 25. Rb1 g6 26. Rb7 c5
27. Rb8+ Kg7 28. Rc8 Rc2 29. Rc6 Rxc3 30. Rxd6 a5 31. Ra6 Ra3 32. d6 c4 33. d7
Rd3 34. Ra7 a4 35. g3 a3 36. Ra8 a2 37. Rxa2 Rxd7 38. Rc2 c3 39. Kg2 h5 40. Rxc3
Bxc3 41. f4 Kh6 42. Kh3 f5 43. Kh4 Rd1 44. Kh3 Be1 45. Kg2 g5 46. fxg5+ Kxg5 47.
Kf3 Bxg3 48. Kxg3 Rd3+ 49. Kf2 h4 50. Ke2 Ra3 51. Kf2 Kg4 52. Kg2 f4 53. Kf2 h3
54. Kg1 Kg3 55. Kh1 Ra1# 0-1

[Event "Let's Play Chess!"]
[Site "http://www.queenalice.com/game.php?id=297846"]
[Date "2007.11.3"]
[Round "-"]
[White "gcmorales"]
[Black "spawnwolfwolverine"]
[Result "0-1"]
[WhiteElo "1312"]
[BlackElo "1715"]

1. Nc3 e5 2. Nf3 d6 3. e4 Bg4 4. Be2 Nf6 5. Nd5 Be7 6. h3 Bh5 7. d3 O-O 8. Ng5
Bxe2 9. Qxe2 Nxd5 10. exd5 Bxg5 11. c3 Bxc1 12. Rxc1 c6 13. dxc6 Nxc6 14. Qh5 g6
15. Qg4 f5 16. Qc4+ Kg7 17. d4 Qg5 18. O-O a6 19. b4 Rac8 20. dxe5 Nxe5 21. Qd5
Qe7 22. Rfe1 b5 23. f4 Rcd8 24. fxe5 dxe5 25. Qc6 e4 26. Qxa6 Rd2 27. Qxb5 Rxa2
28. c4 e3 29. c5 e2 30. Rc3 Rd2 31. Rf3 Rd1 32. Kf2 Rxe1 33. Kxe1 Rd8 34. Rf2
Rd1# 0-1

[Event "Let's Play Chess!"]
[Site "http://www.queenalice.com/game.php?id=297847"]
[Date "2007.11.3"]
[Round "-"]
[White "gcmorales"]
[Black "krol"]
[Result "1-0"]
[WhiteElo "1328"]
[BlackElo "1012"]

1. Nc3 e5 2. Nf3 d6 3. e4 h6 4. Nh4 Nf6 5. Nd5 Nxe4 6. Nf5 Bd7 7. Nfe7 Bxe7 8.
c4 Bf6 9. d3 Ng5 10. f4 exf4 11. Bxf4 Ne6 12. d4 Bh4+ 13. g3 Bg5 14. Bd3 1-0

[Event "Let's Play Chess!"]
[Site "http://www.queenalice.com/game.php?id=302432"]
[Date "2007.11.12"]
[Round "-"]
[White "gcmorales"]
[Black "Viper3910"]
[Result "0-1"]
[WhiteElo "1336"]
[BlackElo "1383"]

1. Nc3 e5 2. Nf3 Nc6 3. Nb5 a6 4. Nc3 Bb4 5. Ne4 Nf6 6. Neg5 O-O 7. e3 Ne4 8. c3
Nxg5 9. Nh4 Ba5 10. Qg4 e4 11. d3 Ne5 12. Qf5 d6 13. Qf4 f5 14. d4 Nd3+ 15. Bxd3
exd3 16. O-O Ne4 17. Qf3 Qxh4 18. g3 Qh3 19. Re1 d2 20. Bxd2 Nxd2 21. b4 Nxf3+
22. Kh1 Qxh2# 0-1

[Event "Let's Play Chess!"]
[Site "http://www.queenalice.com/game.php?id=302433"]
[Date "2007.11.12"]
[Round "-"]
[White "gcmorales"]
[Black "cessna82783"]
[Result "0-1"]
[WhiteElo "1310"]
[BlackElo "1718"]

1. Nc3 Nf6 2. Nf3 e6 3. Ne5 d6 4. Nc4 d5 5. Ne5 d4 6. Nb5 a6 7. Na3 Bxa3 8. bxa3
Qd5 9. f4 Nbd7 10. Nd3 O-O 11. Bb2 c5 12. a4 Nb6 13. Ba3 Ne4 14. c4 Nxc4 15. Qb3
Nexd2 16. Qb1 Nxb1 17. Rxb1 Nxa3 18. Rc1 b6 19. Rd1 Qxa2 20. Rd2 Qb1+ 21. Rd1
Nc2+ 22. Kf2 Qxd1 23. Ne5 Qe1+ 24. Kf3 Bb7+ 25. Kg4 Ne3+ 26. Kh3 Nxf1 27. Ng4
Qxe2 28. g3 Qg2+ 29. Kh4 Qxh1 30. h3 Ne3 31. Ne5 Nf5+ 32. Kg4 f6 33. Nd7 Qf3#
0-1

[Event "Let's Play Chess!"]
[Site "http://www.queenalice.com/game.php?id=302440"]
[Date "2007.11.12"]
[Round "-"]
[White "enrikov"]
[Black "gcmorales"]
[Result "1-0"]
[WhiteElo "1191"]
[BlackElo "1308"]

1. c4 Nc6 2. Nc3 Nf6 3. Nf3 Ng4 4. d4 Nb4 5. e4 d6 6. Qa4+ Nc6 7. d5 Bd7 8. dxc6
Bxc6 9. Qd1 Qd7 10. Be2 Ba4 11. Nxa4 e5 12. Nc3 f5 13. exf5 Qxf5 14. O-O Qh5 15.
h3 Nf6 16. Ng5 Qh6 17. Nf7 Kxf7 18. Bxh6 gxh6 19. Bh5+ Nxh5 20. Qxh5+ Ke7 21.
Nd5+ Ke6 22. Nxc7+ Kd7 23. Nxa8 Be7 24. Qg4+ Kd8 25. c5 dxc5 26. Rad1+ Ke8 27.
Qc8+ Kf7 28. Qxh8 Bf6 29. Qxh7+ Ke6 30. Qd7# 1-0

[Event "Let's Play Chess!"]
[Site "http://www.queenalice.com/game.php?id=302447"]
[Date "2007.11.12"]
[Round "-"]
[White "gcmorales"]
[Black "spawnwolfwolverine"]
[Result "0-1"]
[WhiteElo "1316"]
[BlackElo "1620"]

1. Nc3 e5 2. Nf3 d6 3. Nb5 Nf6 4. Ng5 Qd7 5. c4 Be7 6. d3 O-O 7. e4 a6 8. Na3 c6
9. d4 b5 10. cxb5 axb5 11. dxe5 dxe5 12. Bd3 Ba6 13. Bc2 Bxa3 14. Bd2 Bxb2 15.
Rb1 Bd4 16. Nf3 c5 17. Nxe5 Bxe5 18. O-O b4 19. Qf3 Bxf1 20. Kxf1 Qxd2 21. Bd1
Bxh2 22. g3 Re8 23. Kg2 Bxg3 24. Kxg3 Nxe4+ 25. Kg4 Nxf2+ 26. Kg3 Nxd1 27. Rxd1
Qg5+ 28. Kf2 Na6 29. Rh1 Rad8 30. Qh3 Rd2+ 31. Kf1 h6 32. Rh2 Qf4+ 33. Kg1 Re1+
34. Qf1 Qxf1# 0-1

[Event "Let's Play Chess!"]
[Site "http://www.queenalice.com/game.php?id=302448"]
[Date "2007.11.12"]
[Round "-"]
[White "gcmorales"]
[Black "faboso"]
[Result "1-0"]
[WhiteElo "1329"]
[BlackElo "1093"]

1. Nf3 e5 2. Nxe5 d6 3. Nc4 Be6 4. Nc3 Bxc4 5. d3 Be6 6. Nb5 c6 7. Nd4 Bd5 8.
Nf5 Na6 9. e4 Be6 10. Bf4 g6 11. Nh6 1-0

[Event "Let's Play Chess!"]
[Site "http://www.queenalice.com/game.php?id=302449"]
[Date "2007.11.12"]
[Round "-"]
[White "gcmorales"]
[Black "spawnwolfwolverine"]
[Result "0-1"]
[WhiteElo "1321"]
[BlackElo "1657"]

1. Nc3 e5 2. Nf3 d6 3. Nb5 Nf6 4. Ng5 Be7 5. d3 O-O 6. e4 a6 7. Nc3 b5 8. Be3
Nc6 9. Nd5 Nxd5 10. exd5 Nd4 11. f4 exf4 12. Bxf4 Bxg5 13. Bg3 Re8+ 14. Be2 Nxe2
15. Qd2 Bxd2+ 16. Kxd2 Nxg3 17. Rhg1 Qg5+ 18. Kc3 Ne2+ 19. Kb3 Nxg1 20. Rxg1
Qxd5+ 21. Kc3 Qxa2 22. b3 Re2 23. Rc1 Rxg2 24. h3 Be6 25. Kb4 c5+ 26. Kc3 b4#
0-1

[Event "Let's Play Chess!"]
[Site "http://www.queenalice.com/game.php?id=303722"]
[Date "2007.11.14"]
[Round "-"]
[White "gcmorales"]
[Black "appalachia"]
[Result "1-0"]
[WhiteElo "1306"]
[BlackElo "1361"]

1. Nc3 e6 2. Nf3 d5 3. Ne5 f6 4. Ng4 c5 5. Na4 Bd7 6. Nxc5 Bxc5 7. Ne3 d4 8. Nc4
Bc6 9. d3 Bb5 10. Nd2 Bc6 11. e3 dxe3 12. fxe3 Nd7 13. Nc4 b5 14. Na5 Qxa5+ 15.
c3 e5 16. Qh5+ g6 17. Qh4 g5 18. Qh5+ Ke7 19. Be2 Bxg2 20. Rg1 Bd5 21. Bg4 Be6
22. Bf3 h6 23. Bxa8 Kd6 24. Qe8 1-0

[Event "totoro"]
[Site "http://www.queenalice.com/game.php?id=303918"]
[Date "2007.11.14"]
[Round "-"]
[White "noxxon"]
[Black "gcmorales"]
[Result "1-0"]
[WhiteElo "1319"]
[BlackElo "1316"]

1. e4 Nf6 2. e5 Ne4 3. Qf3 d5 4. c4 dxc4 5. Bxc4 Ng5 6. Qh5 g6 7. Qxg5 f6 8.
exf6 exf6 9. Qe3+ Be7 10. b3 Qd6 11. Ba3 Qd7 12. Nc3 Nc6 13. Qh6 g5 14. Nb5 Qe6+
15. Bxe6 Bxe6 16. Nxc7+ Kd7 17. Nb5 Rad8 18. Qg7 a6 19. Nd4 Nxd4 20. Qxe7+ Kc8
21. Rc1+ Kb8 22. Rc7 Rhe8 23. Rxb7+ Kc8 24. Qc7# 1-0

[Event "Let's Play Chess!"]
[Site "http://www.queenalice.com/game.php?id=313232"]
[Date "2007.12.1"]
[Round "-"]
[White "gcmorales"]
[Black "BarnabyJockers"]
[Result "0-1"]
[WhiteElo "1323"]
[BlackElo "1818"]

1. Nf3 d5 2. Nc3 e5 3. Nxe5 Bc5 4. e3 Nf6 5. Bd3 Nbd7 6. Nf3 O-O 7. Nh4 Re8 8.
Qf3 Ne5 9. Nf5 Nxf3+ 10. gxf3 Bxf5 11. Bxf5 d4 12. Ne4 Nxe4 13. Bxe4 dxe3 14.
dxe3 Bb4+ 15. c3 Bf8 16. b3 c6 17. Bb2 Qh4 18. Rg1 Qxh2 19. Ke2 Rxe4 20. fxe4
Qh5+ 21. Ke1 Qf3 22. Rg3 Qxe4 23. Rd1 Qc2 24. Rd2 Qb1+ 25. Ke2 Qxa2 26. b4 Qc4+
27. Kd1 a5 28. f4 a4 29. Rd4 Qb3+ 30. Kc1 a3 31. Ba1 a2 32. f5 Qb1+ 33. Kd2 Qxa1
34. Ke2 Qb2+ 35. Rd2 Qxd2+ 0-1

[Event "Let's Play Chess!"]
[Site "http://www.queenalice.com/game.php?id=314599"]
[Date "2007.12.4"]
[Round "-"]
[White "gcmorales"]
[Black "spawnwolfwolverine"]
[Result "0-1"]
[WhiteElo "1325"]
[BlackElo "1717"]

1. Nf3 d6 2. Nd4 e5 3. Nf3 Nc6 4. Nc3 Nf6 5. Nb5 Bd7 6. Ng5 Be7 7. e3 O-O 8. Qf3
a6 9. Nc3 b5 10. Ne2 Bg4 11. Qg3 Bxe2 12. Bxe2 d5 13. Qh4 h6 14. Nf3 e4 15. Nd4
Nxd4 16. Bh5 Nxh5 17. Qxh5 Nxc2+ 18. Kd1 Nxa1 19. f3 exf3 20. Qxf3 c5 21. d4 c4
22. Bd2 b4 23. e4 a5 24. exd5 c3 25. bxc3 bxc3 26. Bxc3 Rb8 27. Qd3 Qxd5 28.
Bxa1 Qxa2 29. Kc1 Qxa1+ 30. Kc2 Qxh1 31. Qg3 Qf1 32. Kc3 Bb4+ 33. Kc2 Rfc8+ 0-1

[Event "Let's Play Chess!"]
[Site "http://www.queenalice.com/game.php?id=314600"]
[Date "2007.12.4"]
[Round "-"]
[White "gcmorales"]
[Black "spawnwolfwolverine"]
[Result "1-0"]
[WhiteElo "1308"]
[BlackElo "1667"]

1. Nf3 d6 2. Nc3 e5 3. Nd5 Nc6 4. e3 Bg4 5. Bd3 Be7 6. c4 Nf6 7. Bb1 Bxf3 8.
Qxf3 O-O 9. h4 Nxd5 10. cxd5 Nb4 11. Qe4 c5 12. Qxh7# 1-0

[Event "Let's Play Chess!"]
[Site "http://www.queenalice.com/game.php?id=314601"]
[Date "2007.12.4"]
[Round "-"]
[White "gcmorales"]
[Black "spawnwolfwolverine"]
[Result "0-1"]
[WhiteElo "1327"]
[BlackElo "1715"]

1. Nf3 b5 2. Nc3 c6 3. Ne5 d5 4. d4 e6 5. e3 Bb4 6. Qd3 Bxc3+ 7. Qxc3 Bd7 8. Bd2
Nf6 9. Qd3 O-O 10. h4 Ne4 11. Bb4 Re8 12. f3 Ng3 13. Rg1 Nxf1 14. Kxf1 a5 15.
Bd6 b4 16. h5 h6 17. g4 f6 18. Ng6 Bc8 19. Bc5 Na6 20. g5 fxg5 21. Ne5 Nxc5 22.
dxc5 Ba6 23. c4 Bxc4 24. Nxc4 dxc4 25. Qxc4 Ra7 26. Kf2 Rd7 27. Rae1 Rd2+ 28.
Re2 Rxe2+ 29. Kxe2 Qd5 30. Qc2 e5 31. e4 Qd4 32. Rd1 Qxd1+ 33. Qxd1 a4 0-1